Toutes les cartes FUT du PSG sur EA FC 24 - Statistiques

Statistiques générales
  • Ce quiz a été pris 377 fois
  • Le résultat moyen est 34 sur 59
Statistiques - réponses
Hint Réponse % Correct
Donnarumma
92%
Navas
92%
Hakimi
78%
Arnau Tenas
75%
Sergio Rico
74%
Arnau Tenas
73%
Marquinhos
69%
Skriniar
68%
Hernandez
67%
G Letellier
67%
Marquinhos
67%
Kimpembe
66%
Nuno Mendes
66%
Skriniar
66%
Mbappe
65%
Ugarte
65%
Hernandez
64%
Kang in Lee
64%
Mukiele
64%
Kimpembe
62%
Mbappe
62%
Mbappe
61%
Mbappe
61%
Vitinha
61%
Kang in Lee
60%
Kang in Lee
60%
Mbappe
60%
Danilo Pereira
59%
Danilo Pereira
59%
Goncalo Ramos
59%
Mbappe
59%
Vitinha
59%
Dembele
58%
Fabian Ruiz
58%
Fabian Ruiz
58%
Goncalo Ramos
58%
Mukiele
58%
Dembele
56%
Dembele
56%
Dembele
56%
Asensio
54%
Carlos Soler
54%
Carlos Soler
54%
Asensio
53%
Zaire-Emery
53%
Asensio
52%
Juan Bernat
51%
Kolo Muani
51%
Kolo Muani
51%
Verrati
48%
Draxler
47%
Barcola
45%
Wijnaldum
45%
Ndour
41%
Ekitike
38%
Kurzawa
34%
Dagba
28%
Pembele
26%
Gharbi
20%
Aucun quiz correspondant
Distribution des résultats
% des personnes avec chaque résultat
Percentile par nombre de réponses
Votre historique - résultats
Vous n’avez pas pris ce quiz